[Event "HUN-ch U16"]
[Site "Eger"]
[Date "2021.08.26"]
[Round "5"]
[White "Muranyi, Peter"]
[Black "Pasztor, Balazs"]
[Result "1/2-1/2"]
[WhiteElo "1960"]
[BlackElo "2327"]
[PlyCount "66"]
[EventDate "2021.08.20"]
[EventType "swiss"]
[EventRounds "7"]
[EventCountry "HUN"]
[SourceTitle "EXT 2022"]
[Source "ChessBase"]
[SourceDate "2021.10.06"]
[SourceVersion "1"]
[SourceVersionDate "2021.10.06"]
[SourceQuality "1"]

1. d4 Nf6 2. c4 e6 3. Nc3 Bb4 4. g3 0-0 5. Nf3 d5 6. cxd5 exd5 7. Bg2 Re8 8. 0-0 c6 9. Bf4 Nbd7 10. h3 Qa5 11. Qc2 Bxc3 12. bxc3 Ne4 13. Ng5 Ndf6 14. Nxe4 Nxe4 15. Rac1 Bf5 16. Qb2 Qb6 17. Qa3 Nf6 18. Rfe1 h6 19. g4 Bg6 20. e3 Bd3 21. Red1 Qa6 22. Qxa6 Bxa6 23. Rb1 Ne4 24. Bxe4 Rxe4 25. f3 Re6 26. Kf2 Rae8 27. Re1 R8e7 28. a4 Bd3 29. Rb2 b6 30. h4 f6 31. h5 Kf7 32. Rd2 Bc4 33. Rb1 Ke8 1/2-1/2

[Event "HUN-chT2 Maroczy 1819"]
[Site "Hungary"]
[Date "2018.10.28"]
[Round "3.12"]
[White "Fekete, Agnes"]
[Black "Muranyi, Peter"]
[Result "1-0"]
[WhiteElo "1954"]
[BlackElo "1804"]
[PlyCount "71"]
[EventDate "2018.09.23"]
[EventType "team-tourn"]
[EventRounds "11"]
[EventCountry "HUN"]
[SourceTitle "EXT 2020"]
[Source "ChessBase"]
[SourceDate "2019.10.17"]
[SourceVersion "1"]
[SourceVersionDate "2019.10.17"]
[SourceQuality "1"]
[WhiteTeam "Kisujszallas"]
[BlackTeam "Taban Spartacus"]
[WhiteTeamCountry "HUN"]
[BlackTeamCountry "HUN"]

1. Nf3 Nf6 2. g3 g6 3. Bg2 Bg7 4. 0-0 d5 5. d3 0-0 6. Nbd2 c5 7. e4 dxe4 8. dxe4 Nc6 9. c3 Qc7 10. Qe2 b6 11. Rd1 e6 12. Nf1 Bb7 13. Nh4 h6 14. f4 Rad8 15. Bd2 Rd7 16. e5 Nd5 17. Be4 Nce7 18. a3 Nf5 19. Nxf5 exf5 20. Bg2 Qc8 21. c4 Nc7 22. Bc3 Ne6 23. Ne3 Bxg2 24. Qxg2 Rfd8 25. Qe2 Qc6 26. Nd5 Nc7 27. Ne7+ Rxe7 28. Rxd8+ Kh7 29. Rad1 Ne6 30. R8d6 Qc7 31. Qd3 g5 32. Rd7 Rxd7 33. Qxd7 Qxd7 34. Rxd7 gxf4 35. Rxf7 Kg6 36. Re7 1-0

[Event "Eger Agria op 40th"]
[Site "Eger"]
[Date "2016.07.21"]
[Round "5"]
[White "Muranyi, Peter"]
[Black "Vanyo, Jozsef"]
[Result "1-0"]
[WhiteElo "1523"]
[BlackElo "1695"]
[PlyCount "69"]
[EventDate "2016.07.18"]
[EventType "swiss"]
[EventRounds "8"]
[EventCountry "HUN"]
[SourceTitle "EXT 2020"]
[Source "ChessBase"]
[SourceDate "2019.10.17"]
[SourceVersion "1"]
[SourceVersionDate "2019.10.17"]
[SourceQuality "1"]

1. d4 d5 2. c4 Nf6 3. Nc3 c6 4. e3 Bf5 5. Nf3 e6 6. Be2 Bb4 7. 0-0 0-0 8. a3 Bxc3 9. bxc3 Ne4 10. Qb3 Qc7 11. Nh4 dxc4 12. Bxc4 b5 13. Be2 Bg6 14. Nxg6 hxg6 15. f3 Nf6 16. Bd2 Nbd7 17. Rab1 Rfb8 18. Qc2 a6 19. c4 Ra7 20. Rfc1 Qd8 21. Be1 Raa8 22. Qa2 Ne8 23. Bg3 Rc8 24. a4 Qe7 25. axb5 axb5 26. Qb2 g5 27. Bd3 bxc4 28. Bxc4 Rcb8 29. Bxb8 Rxb8 30. Qc2 Ra8 31. Bd3 c5 32. dxc5 Ne5 33. Be4 Rc8 34. Qc3 Qc7 35. Rb7 1-0